007110000a22001450004500090001400000245020800014041001400222700002500236700002600261100003200287942001300319773004100332999001700373952017500390 aARb0445910aDesenvolvimento de um programa integrado de controle dos nematódeos e a mosca dos chifres na regiao dos cerrados sfase 2: observacoes sobre a dinamica populacional dos besouros coprófagos autoctones0 aPortugues1 aBianchin, Ivo9983481 aGomes, Alberto9983491 aHoner, Michael Robin998350 cARTICULO1 tPesquisa em Andamentoh40q1-5d1988 c13558d13558 001040718HEMEROTECAaBogotabBogotad2007-09-26eOspina. MónicahFuera de circulaciónl0oAR 04459p025307r2015-03-25 00:00:00t1w2015-03-25xEntregadoyARTICULO